| 000 -LEADER |
| fixed length control field |
04665nam a22006375i 4500 |
| 001 - CONTROL NUMBER |
| control field |
978-3-031-19354-5 |
| 003 - CONTROL NUMBER IDENTIFIER |
| control field |
DE-He213 |
| 005 - DATE AND TIME OF LATEST TRANSACTION |
| control field |
20250103112328.0 |
| 007 - PHYSICAL DESCRIPTION FIXED FIELD--GENERAL INFORMATION |
| fixed length control field |
cr nn 008mamaa |
| 008 - FIXED-LENGTH DATA ELEMENTS--GENERAL INFORMATION |
| fixed length control field |
230213s2023 sz | s |||| 0|eng d |
| 020 ## - INTERNATIONAL STANDARD BOOK NUMBER |
| International Standard Book Number |
9783031193545 |
| -- |
978-3-031-19354-5 |
| 024 ## - OTHER STANDARD IDENTIFIER |
| Standard number or code |
10.1007/978-3-031-19354-5 |
| Source of number or code |
doi |
| 050 ## - LIBRARY OF CONGRESS CALL NUMBER |
| Classification number |
TJ212-225 |
| 072 ## - SUBJECT CATEGORY CODE |
| Subject category code |
TJFM |
| Source |
bicssc |
| 072 ## - SUBJECT CATEGORY CODE |
| Subject category code |
GPFC |
| Source |
bicssc |
| 072 ## - SUBJECT CATEGORY CODE |
| Subject category code |
TEC007000 |
| Source |
bisacsh |
| 072 ## - SUBJECT CATEGORY CODE |
| Subject category code |
TJFM |
| Source |
thema |
| 082 ## - DEWEY DECIMAL CLASSIFICATION NUMBER |
| Classification number |
629.8312 |
| Edition number |
23 |
| 082 ## - DEWEY DECIMAL CLASSIFICATION NUMBER |
| Classification number |
003 |
| Edition number |
23 |
| 100 ## - MAIN ENTRY--PERSONAL NAME |
| Personal name |
Shi, Yang. |
| Relator term |
author. |
| Relationship |
aut |
| -- |
http://id.loc.gov/vocabulary/relators/aut |
| 245 ## - TITLE STATEMENT |
| Title |
Advanced Model Predictive Control for Autonomous Marine Vehicles |
| Medium |
[electronic resource] / |
| Statement of responsibility, etc. |
by Yang Shi, Chao Shen, Henglai Wei, Kunwu Zhang. |
| 250 ## - EDITION STATEMENT |
| Edition statement |
1st ed. 2023. |
| 260 ## - PUBLICATION, DISTRIBUTION, ETC. |
| Place of publication, distribution, etc. |
Cham : |
| Name of publisher, distributor, etc. |
Springer International Publishing : |
| -- |
Imprint: Springer, |
| Date of publication, distribution, etc. |
2023. |
| 300 ## - PHYSICAL DESCRIPTION |
| Extent |
XVI, 199 p. 72 illus., 70 illus. in color. |
| Other physical details |
online resource. |
| 336 ## - CONTENT TYPE |
| Content type term |
text |
| Content type code |
txt |
| Source |
rdacontent |
| 337 ## - MEDIA TYPE |
| Media type term |
computer |
| Media type code |
c |
| Source |
rdamedia |
| 338 ## - CARRIER TYPE |
| Carrier type term |
online resource |
| Carrier type code |
cr |
| Source |
rdacarrier |
| 347 ## - DIGITAL FILE CHARACTERISTICS |
| File type |
text file |
| Encoding format |
PDF |
| Source |
rda |
| 490 ## - SERIES STATEMENT |
| Series statement |
Advances in Industrial Control, |
| International Standard Serial Number |
2193-1577 |
| 505 ## - FORMATTED CONTENTS NOTE |
| Formatted contents note |
1. Introduction -- 2. AUV Modelling -- 3. Receding Horizon Optimization for Integrated Path Planning and Tracking Control of an AUV -- 4. Lyapunov-Based Model Predictive Control for Dynamic Positioning and Trajectory Tracking Control of an AUV -- 5. Multi-Objective Model Predictive Control for Path Following Control of an AUV -- 6. Efficient Implementation Algorithms for NMPC Trajectory Tracking Control of an AUV -- 7. Distributed Lyapunov-based Model Predictive Formation Tracking Control for AUVs Subject to Disturbances -- 8. Conclusions and Future Work. |
| 520 ## - SUMMARY, ETC. |
| Summary, etc. |
This book provides a comprehensive overview of marine control system design related to underwater robotics applications. In particular, it presents novel optimization-based model predictive control strategies to solve control problems appearing in autonomous underwater vehicle applications. These novel approaches bring unique features, such as constraint handling, prioritization between multiple design objectives, optimal control performance, and robustness against disturbances and uncertainties, into the control system design. They therefore form a more general framework to design marine control systems and can be widely applied. Advanced Model Predictive Control for Autonomous Marine Vehicles balances theoretical rigor – providing thorough analysis and developing provably-correct design conditions – and application perspectives – addressing practical system constraints and implementation issues. Starting with a fixed-point positioning problem for a single vehicleand progressing to the trajectory-tracking and path-following problem of the vehicle, and then to the coordination control of a large-scale multi-robot team, this book addresses the motion control problems, increasing their level of challenge step-by-step. At each step, related subproblems such as path planning, thrust allocation, collision avoidance, and time constraints for real-time implementation are also discussed with solutions. In each chapter of this book, compact and illustrative examples are provided to demonstrate the design and implementation procedures. As a result, this book is useful for both theoretical study and practical engineering design, and the tools provided in the book are readily applicable for real-world implementation. |
| 650 ## - SUBJECT ADDED ENTRY--TOPICAL TERM |
| Topical term or geographic name entry element |
Control engineering. |
| 650 ## - SUBJECT ADDED ENTRY--TOPICAL TERM |
| Topical term or geographic name entry element |
Robotics. |
| 650 ## - SUBJECT ADDED ENTRY--TOPICAL TERM |
| Topical term or geographic name entry element |
Offshore structures. |
| 650 ## - SUBJECT ADDED ENTRY--TOPICAL TERM |
| Topical term or geographic name entry element |
System theory. |
| 650 ## - SUBJECT ADDED ENTRY--TOPICAL TERM |
| Topical term or geographic name entry element |
Control theory. |
| 650 ## - SUBJECT ADDED ENTRY--TOPICAL TERM |
| Topical term or geographic name entry element |
Control and Systems Theory. |
| 650 ## - SUBJECT ADDED ENTRY--TOPICAL TERM |
| Topical term or geographic name entry element |
Robotic Engineering. |
| 650 ## - SUBJECT ADDED ENTRY--TOPICAL TERM |
| Topical term or geographic name entry element |
Offshore Engineering. |
| 650 ## - SUBJECT ADDED ENTRY--TOPICAL TERM |
| Topical term or geographic name entry element |
Robotics. |
| 650 ## - SUBJECT ADDED ENTRY--TOPICAL TERM |
| Topical term or geographic name entry element |
Systems Theory, Control. |
| 700 ## - ADDED ENTRY--PERSONAL NAME |
| Personal name |
Shen, Chao. |
| Relator term |
author. |
| Relationship |
aut |
| -- |
http://id.loc.gov/vocabulary/relators/aut |
| 700 ## - ADDED ENTRY--PERSONAL NAME |
| Personal name |
Wei, Henglai. |
| Relator term |
author. |
| Relationship |
aut |
| -- |
http://id.loc.gov/vocabulary/relators/aut |
| 700 ## - ADDED ENTRY--PERSONAL NAME |
| Personal name |
Zhang, Kunwu. |
| Relator term |
author. |
| Relationship |
aut |
| -- |
http://id.loc.gov/vocabulary/relators/aut |
| 710 ## - ADDED ENTRY--CORPORATE NAME |
| Corporate name or jurisdiction name as entry element |
SpringerLink (Online service) |
| 773 ## - HOST ITEM ENTRY |
| Title |
Springer Nature eBook |
| 776 ## - ADDITIONAL PHYSICAL FORM ENTRY |
| Relationship information |
Printed edition: |
| International Standard Book Number |
9783031193538 |
| 776 ## - ADDITIONAL PHYSICAL FORM ENTRY |
| Relationship information |
Printed edition: |
| International Standard Book Number |
9783031193552 |
| 776 ## - ADDITIONAL PHYSICAL FORM ENTRY |
| Relationship information |
Printed edition: |
| International Standard Book Number |
9783031193569 |
| 830 ## - SERIES ADDED ENTRY--UNIFORM TITLE |
| Uniform title |
Advances in Industrial Control, |
| International Standard Serial Number |
2193-1577 |
| 856 ## - ELECTRONIC LOCATION AND ACCESS |
| Uniform Resource Identifier |
<a href="https://doi.org/10.1007/978-3-031-19354-5">https://doi.org/10.1007/978-3-031-19354-5</a> |
| 912 ## - |
| -- |
ZDB-2-INR |
| 912 ## - |
| -- |
ZDB-2-SXIT |